| 000 | 00818cam a22002533a 4500 | ||
|---|---|---|---|
| 001 | 25926 | ||
| 003 | PGUSA | ||
| 005 | 20140828083546.0 | ||
| 008 | 080628s2008||||xxu|||||s|||||000 | eng d | ||
| 040 |
_aPGUSA _beng |
||
| 042 | _adc | ||
| 050 | 4 | _aLD | |
| 245 | 1 | 4 |
_aThe 1926 Tatler _h[electronic resource] |
| 260 |
_bProject Gutenberg, _c2008 |
||
| 500 | _a1926 yearbook from Northrop Collegiate School, Minneapolis, Minnesota. | ||
| 506 | _aPublic domain in the USA. | ||
| 516 | _aElectronic text | ||
| 653 | _aSchools -- Minnesota -- Minneapolis -- Students -- Yearbooks | ||
| 653 | _aNorthrop Collegiate School (Minneapolis, Minn.) -- Students -- Yearbooks | ||
| 700 | 1 | _aNewhall, Margaret Louise | |
| 830 | 0 |
_aProject Gutenberg _v25926 |
|
| 856 | 4 | 0 | _uhttp://www.gutenberg.org/ebooks/25926 |
| 942 | _cEB | ||
| 999 |
_c255181 _d255181 |
||